Surnoms des écrivains - Statistiques

Statistiques générales
  • Ce quiz a été pris 144 fois
  • Le résultat moyen est 8 sur 20
Statistiques - réponses
Surnoms Ecrivains % Correct
Le Divin Marquis Marquis de Sade
78%
La Bonne dame de Nohant George Sand
75%
L'Homme aux semelles de vent Arthur Rimbaud
73%
Pauvre Lélian Paul Verlaine
68%
Le Pape du surréalisme André Breton
64%
Le Patriarche de Ferney Voltaire
63%
L'Agité du bocal Jean-Paul Sartre
49%
Le Prince des poètes et Poète des princes Pierre de Ronsard
43%
Le Castor Simone de Beauvoir
42%
L'Aigle de Meaux Jacques-Bénigne Bossuet
39%
L'Aragonzesse Elsa Triolet
36%
LeTaureau triste Guy de Maupassant
31%
Le Manchot de Lépante Miguel de Cervantès
31%
Le Barde immortel William Shakespeare
29%
Le Cygne de Cambrai Fénelon
19%
Le Connétable des Lettres Jules Barbey d'Aurevilly
17%
Le Flagorneur ou le Saturnien Marcel Proust
16%
Le Stagirite Aristote
14%
Le Cygne de Mantoue Virgile
13%
Le Paon total Sacha Guitry
6%
Aucun quiz correspondant
Distribution des résultats
% des personnes avec chaque résultat
Percentile par nombre de réponses
Votre historique - résultats
Vous n’avez pas pris ce quiz